| 000 | 01304 a2200205 4500 | ||
|---|---|---|---|
| 003 | Nust | ||
| 005 | 20221012115806.0 | ||
| 010 | _a 73006256 | ||
| 020 | _a0669849545 | ||
| 040 | _cNust | ||
| 082 | 0 | 0 | _a547,LIN |
| 100 | 1 |
_aLinstromberg, Walter William, _999995 |
|
| 245 | 0 | 0 |
_aA brief course organic chemistry : _ba brief course / _cWalter W. Linstromberg. |
| 250 | _a3rd ed. | ||
| 260 |
_aLexington, Mass., _bHeath _c[1974] |
||
| 300 |
_axii, 500 p. _billus. _c25 cm. |
||
| 505 | _aGeneral Principles (Page-1), The Saturated Hydrocarbons or Alkenes (Page-30), The Unsaturated Hydrocarbons –Olefins and Acetylenes (Page-60), The Aromatic Hydrocarbons or Arenas (Page-96), Natural Gas Petroleum and Petrochemicals (Page-122), Stereoisomerism (Page-135), Organic Halogen Compounds (Page-156), Alcohols ,Phenols , and Ethers (Page-177), The Aldehydes and Ketones (Page-217), The Carboxylic Acid and Their Derivatives (Page-252), Fast, Oils, Waxes (Page-287) Bifunctional Acids (Page-310), Amines and other Nitrogen Compounds (Page-331), Carbohydrates (Page-364), Amino Acids , Peptides and Proteins (Page-389), The Nucleic Acid (Page-416), Heterocyclic Compounds –Natural Products (Page-434), Color in Organic Compound Dyes (Page-468), | ||
| 650 | 0 |
_aChemistry, Organic. _91252 |
|
| 942 |
_2ddc _cBK |
||
| 999 |
_c183641 _d183641 |
||